• 首页
  • 本馆介绍
  • 公告通知
  • 最新文献
  • 馆藏检索
  • 电子资源
  • 读者导购
  • 参考咨询
  • 我的图书馆
  • 登录
  • 详细信息显示
  • 放入我的书架
  • 预约/预借图书
  • 作者相关作品
  • 分类相关作品
  • 丛书相关作品
  • 出版社相关作品

书目信息

  • 表格格式
  • 工作单格式
  • 卡片格式
题名:
区域交通发展与管理
    
 
作者: 黄承锋 著
分册:  
出版信息: 成都   电子科技大学出版社  2013
页数: 461页
开本: 24cm
丛书名:
单 册:
中图分类: F542.871.9
科图分类:
主题词: 公路运输--交通运输发展--研究--重庆 , 公路运输企业--交通运输企业管理--研究--重庆 , 公路运输 , 交通运输发展 , 公路运输企业 , 交通运输企业管理
电子资源:
ISBN: 978-7-5647-1415-4
000 01002nam0 2200289 450
001 523
005 20140909094813.59
010    @a978-7-5647-1415-4@dCNY85.00
100    @a20130801d2013 em y0chiy50 ea
101 0  @achi
102    @aCN@b510000
105    @aa z 000yy
106    @ar
200 1  @a区域交通发展与管理@AQu Yu Jiao Tong Fa Zhan Yu Guan Li@f黄承锋著@FHuang Cheng Feng Zhu
210    @a成都@c电子科技大学出版社@d2013
215    @a461页@c图@d24cm
330    @a本书内容包括:重庆市道路运输对策研究报告、万梁高速公路建设辅道对沿线社会经济影响研究报告、重庆市高等级公路工程投资与几个主要地区比较研究报告等。。
606 0  @a公路运输@x交通运输发展@x研究@y重庆
606 0  @a公路运输企业@x交通运输企业管理@x研究@y重庆
606 0  @a公路运输
606 0  @a交通运输发展
606 0  @a公路运输企业
606 0  @a交通运输企业管理
690    @aF542.871.9@v5
701  0 @a黄承锋@AHuang Cheng Feng@f(1965~)@4著
801  0 @aCN@bTANGWEI@c20140603
905    @b0838702-04@dF542.871.9@e6@f3
    
    区域交通发展与管理/黄承锋著.-成都:电子科技大学出版社,2013
    461页:图;24cm
    
    
    ISBN 978-7-5647-1415-4:CNY85.00
    本书内容包括:重庆市道路运输对策研究报告、万梁高速公路建设辅道对沿线社会经济影响研究报告、重庆市高等级公路工程投资与几个主要地区比较研究报告等。。
●
相关链接 在E读中查询图书 在五车中查询图书 在当当中查询图书 在豆瓣中查询图书


正题名:区域交通发展与管理     索取号:F542.871.9/6         预约/预借

序号 登录号 条形码 馆藏地/架位号 状态 备注
1 0838702   208387020   第一样本阅览室/ [索取号:F542.871.9/6] 在馆    
2 0838703   208387039   第一借阅区/ [索取号:F542.871.9/6] 在馆    
3 0838704   208387048   密集书库-海洋学院/ [索取号:F542.871.9/6] 在馆    
唐山师范学院图书馆 欢迎您!
大连网信软件有限公司© 版权所有